Models and mirrors : towards an anthropology of public events

Αποθηκεύτηκε σε:
Λεπτομέρειες βιβλιογραφικής εγγραφής
Κύριος συγγραφέας: Handelman, Don
Μορφή: Βιβλίο
Γλώσσα:English
Δημοσίευση: New York; Oxford : Berghahn Books, 1998
Θέματα:
Ετικέτες: Προσθήκη ετικέτας
Δεν υπάρχουν, Καταχωρήστε ετικέτα πρώτοι!

MARC

LEADER 00000nam a2200000 i 4500
001 1/46172
008 031216s1998 eng d
020 |a 1-57181-165-6 
035 |l 10071854 
040 |a GR-MY-UA  |b gre  |e aacr 
041 0 |a eng 
082 0 |a 394.2  |2 (21) 
100 1 |a Handelman, Don. 
245 1 0 |a Models and mirrors :  |b towards an anthropology of public events /  |c Don Handelman; with a new preface by the author 
260 |a New York; Oxford :   |b Berghahn Books,   |c 1998 
300 |a liv, 330 σ.;  |c 22 εκ. 
500 |a Πρώτη έκδοση: Cambridge; New York: Cambridge University Press, 1990 
504 |a Περιέχει βιβλιογραφία και ευρετήριο 
650 0 0 |a Festivals. 
650 0 0 |a Holidays. 
650 0 0 |a Play. 
650 0 0 |a Symbolism. 
852 |a INST  |b LESVOS  |e 20031216  |h 394.2 HAN  |p 005100030917  |q 005100030917  |t BK  |y 0 
852 |a INST  |b LESVOS  |e 20140306  |h 394.2 HAN  |p 005100053399  |q 005100053399  |t BK  |y 0 
901 |a BIBL1-2003-3 
901 |a BIBL!-2014-1 
909 |a Λ  |b 107705 
909 |a Λ  |b 186672 
922 |a 1ΕΛΗ  |b 200312  |c ΕΠΕΑΕΚ2/ΤΚΑ  |d ΜΙΧΑΛΟΠΟΥΛΟΣ 
922 |a 1ΕΛΗ  |b 201210  |c ΤΜΗΜΑ ΚΟΙΝΩΝΙΚΗΣ ΑΝΘΡΩΠΟΛΟΓΙΑΣ ΚΑΙ ΙΣΤΟΡΙΑΣ  |d ΙΩΑΝΝΙΔΟΥ 
950 |a 117-2003-06-11 
970 |a ΧΡΙΣΤΟΦΑ  |b ΝΙΚΗ  |z 2003/12/17